ARRUPE JESUIT UNIVERSITY

CORONAVIRUS -STOP THE SPREAD - CLEAN,DISINFECT,COVER

Africans at the crossroads : (Record no. 131499)

MARC details
000 -LEADER
fixed length control field 01233cam a2200337 a 4500
001 - CONTROL NUMBER
control field 12426161
003 - CONTROL NUMBER IDENTIFIER
control field ARRUPE
005 - DATE AND TIME OF LATEST TRANSACTION
control field 20220524075650.0
008 - FIXED-LENGTH DATA ELEMENTS--GENERAL INFORMATION
fixed length control field 010529r19961996nju b 001 0 eng
010 ## - LIBRARY OF CONGRESS CONTROL NUMBER
LC control number 2001427219
020 ## - INTERNATIONAL STANDARD BOOK NUMBER
International Standard Book Number 0865432716 (paper)
020 ## - INTERNATIONAL STANDARD BOOK NUMBER
International Standard Book Number 0865432708 (cloth)
040 ## - CATALOGING SOURCE
Original cataloging agency DLC
Transcribing agency DLC
Modifying agency DLC
043 ## - GEOGRAPHIC AREA CODE
Geographic area code f------
-- n-us---
050 00 - LIBRARY OF CONGRESS CALL NUMBER
Classification number DT30
Item number .C56 1991
082 00 - DEWEY DECIMAL CLASSIFICATION NUMBER
Classification number 305.896
Edition number 21
300 ## - PHYSICAL DESCRIPTION
Dimensions 22 cm.
100 1# - MAIN ENTRY--PERSONAL NAME
Personal name Clarke, John Henrik,
Dates associated with a name 1915-
9 (RLIN) 51780
245 10 - TITLE STATEMENT
Title Africans at the crossroads :
Remainder of title notes for an African world revolution /
Statement of responsibility, etc John Henrik Clark.
260 ## - PUBLICATION, DISTRIBUTION, ETC. (IMPRINT)
Place of publication, distribution, etc Trenton, N.J. :
Name of publisher, distributor, etc Africa World Press,
Date of publication, distribution, etc c1991 (1996 printing).
300 ## - PHYSICAL DESCRIPTION
Extent xv, 450 p. ;
504 ## - BIBLIOGRAPHY, ETC. NOTE
Bibliography, etc Includes bibliographical references (p. 421-428) and index.
650 #0 - SUBJECT ADDED ENTRY--TOPICAL TERM
Topical term or geographic name as entry element Black nationalism
General subdivision History
Chronological subdivision 20th century.
9 (RLIN) 51781
650 #0 - SUBJECT ADDED ENTRY--TOPICAL TERM
Topical term or geographic name as entry element African Americans
General subdivision Civil rights.
9 (RLIN) 51782
650 #0 - SUBJECT ADDED ENTRY--TOPICAL TERM
Topical term or geographic name as entry element Civil rights movements
General subdivision History
Chronological subdivision 20th century.
9 (RLIN) 51783
650 #0 - SUBJECT ADDED ENTRY--TOPICAL TERM
Topical term or geographic name as entry element Blacks
General subdivision Race identity.
9 (RLIN) 6154
651 #0 - SUBJECT ADDED ENTRY--GEOGRAPHIC NAME
Geographic name Africa
General subdivision Politics and government
Chronological subdivision 1945-1960.
9 (RLIN) 31761
651 #0 - SUBJECT ADDED ENTRY--GEOGRAPHIC NAME
Geographic name Africa
General subdivision Historiography.
9 (RLIN) 22525
906 ## - LOCAL DATA ELEMENT F, LDF (RLIN)
a 7
b cbc
c orignew
d 3
e ncip
f 20
g y-gencatlg
942 ## - ADDED ENTRY ELEMENTS (KOHA)
Source of classification or shelving scheme Library of Congress Classification
Koha item type Monograph ( Printed materials)
Holdings
Withdrawn status Lost status Source of classification or shelving scheme Damaged status Not for loan Collection code Home library Current library Shelving location Date acquired Total Checkouts Full call number Barcode Date last seen Price effective from Koha item type
    Library of Congress Classification     Main Collection ARRUPE LIBRARY ARRUPE LIBRARY Main Collection 24/05/2022   DT30 .C56 1991 46600008731 24/05/2022 24/05/2022 Monograph ( Printed materials)

 

Arrupe Library. PO Box MP320 Mt Pleasant, Harare, Zimbabwe
263 242 745411|librarian@aju.ac.zw